000
00275nam a2200121 i 4500
001
bg
245
0
_a
Vycislitel'naja i Prikladnaja Matematika. Vyp.42.
260
_a
Kiew,
_c
1980.
040
_c
BPK
041
_a
pol
942
_c
KS
008
s pl f |000 0 pol
999
_c
9434
_d
9434